000 00555nam a22001817a 4500
005 20170817135819.0
010 _aENG-119841
020 _a9788184621426
_c500.00
035 _aEN-103373
037 _bDBAD/PUB
082 _a881
100 _aChandrika
245 _aOcean in a drop :
_cby Chandrika
_binspired by the Ramayana /
260 _aMumbai
_bVakils, Feffer and Simons
_c2017
270 _aIndustry Manor, Appasaheb Marathe Marg Prabhadevi,
_bMumbai
_e400025
300 _axi,128p.
_c19cm(Hb)
942 _2ddc
_cEN
_h881
_mCHA
999 _c143475
_d143475